Grammaire vivante du Francais : Français langue étrangère

La grammaire vivante du français est un outil pédagogique destiné : - à soutenir l'apprentissage des étudiants de français langue étrangère ; - à suggérer aux enseignants des modes de présentation des difficultés grammaticales. La démarche est descriptive / explicative ; elle met e...

ver descrição completa

Na minha lista:
Detalhes bibliográficos
Autor principal: Callamand, Monique
Formato: Livro
Idioma:Undetermined
Publicado em: Paris Larousse 1989
Assuntos:
Tags: Adicionar Tag
Sem tags, seja o primeiro a adicionar uma tag!
Thư viện lưu trữ: Trung tâm Học liệu Trường Đại học Cần Thơ
LEADER 01256nam a2200241Ia 4500
001 CTU_28777
008 210402s9999 xx 000 0 und d
020 |b 176.000đ 
020 |c 16.06 
082 |a 445 
082 |b C156 
100 |a Callamand, Monique 
245 0 |a Grammaire vivante du Francais : 
245 0 |b Français langue étrangère 
245 0 |c Monique Callamand 
260 |a Paris 
260 |b Larousse 
260 |c 1989 
520 |a La grammaire vivante du français est un outil pédagogique destiné : - à soutenir l'apprentissage des étudiants de français langue étrangère ; - à suggérer aux enseignants des modes de présentation des difficultés grammaticales. La démarche est descriptive / explicative ; elle met en évidence emplois et valeurs des formes grammaticales dans l'utilisation quotidienne de la langue. L'ouvrage fait apparaître la grammaire comme support de l'expression : les moyens linguistiques et les procédés sont répertoriés avec le souci de donner à l'apprenant l'occasion d'enrichir et d'affiner sa compétence. 
650 |a French language,French language 
650 |x Grammar 
904 |i Minh 
980 |a Trung tâm Học liệu Trường Đại học Cần Thơ